000 01400nam0a2200361 4500
001 RU\NLR\BIBL_A\022616642
005 20251203164400.0
010 _a978-5-00250-094-9
_94000
021 _aRU
_bКН-П-25-042855
_9КН-П-25-4173
035 _a(NLR Aleph) 022616642
090 _a13496526
_c13496526
100 _a20250908d2025 k y0rusy50 ca
101 1 _arus
_ceng
102 _aRU
105 _ay z 000yy
181 0 _ai
_bxxxe
182 0 _an
200 1 _aЭто мы берем!
_eмаркетинг на инстинктах и инсайтах
_fЛесли Зейн
_gперевод с английского Анастасии Сучковой
203 _aТекст
_bвизуальный
_cнепосредственный
210 _aМосква
_cМИФ
_d2025
215 _a349, [1] с.
_d22
300 _aЗагл. и авт. ориг.: The Power of Instinct / Leslie Zane
320 _aБиблиогр.: с. 329–350
333 _a16+
454 0 _12001#$aThe Power of Instinct$fLeslie Zane
_1700#1$aZane$bL.$gLeslie
606 1 _aМаркетинг
_xСоциально-психологические исследования
_2nlr_sh1
_2nlr_sh2
_3RU\NLR\AUTH\661267284
686 1 _aУ5-361.4
686 1 _aС550.425
700 1 _aЗейн
_bЛ.
_gЛесли
942 _cBOOK
980 _aNB